Elementos de historia de México : épocas prehispánica y colonial /

Historia de México desde la época prehispánica hasta finales del siglo XIX que tiene como finalidad examinar cómo se conformó nuestra nación desde la perspectiva de la interacción y fusión de dos culturas, la indígena y la española. En esta edición de la obra en dos volúmenes, el primero aborda los...

Deskribapen osoa

Gorde:
Xehetasun bibliografikoak
Egile nagusia: Alvear Acevedo, Carlos (autor)
Formatua: Liburua
Hizkuntza:gaztelania
Argitaratua: México : Jus, 1963, c1958
Edizioa:6a edición
Gaiak:
Etiketak: Etiketa erantsi
Etiketarik gabe, Izan zaitez lehena erregistro honi etiketa jartzen!

MARC

LEADER 00000nam^a2200000^a^4500
001 000344001
005 20250624000000.0
009 20260310114637.199
037 |a Acervo ITESO - Biblioteca 
041 |a ESP 
082 |a 972.  |b ALV V. 1 
100 |a Alvear Acevedo, Carlos  |e (autor) 
240 1 1 |a [Elementos de historia de México] 
245 1 0 |a Elementos de historia de México :  |b épocas prehispánica y colonial /  |c C. Alvear Acevedo. 
250 |a 6a edición 
264 4 |a México :  |b Jus,  |c 1963, c1958 
300 |a 474 p. 
336 |a texto  |b txt  |2 rdacontenido 
337 |a sin mediación  |b n  |2 rdamedio 
338 |a volumen  |b nc  |2 rdasoporte 
520 |a Historia de México desde la época prehispánica hasta finales del siglo XIX que tiene como finalidad examinar cómo se conformó nuestra nación desde la perspectiva de la interacción y fusión de dos culturas, la indígena y la española. En esta edición de la obra en dos volúmenes, el primero aborda los períodos prehispánico y colonial, mientras el segundo, la guerra de independencia y el siglo XIX. 
649 |a XX 
650 |a Mestizaje -  |z México -  |x Historia 
650 |a Sincretismo -  |z México -  |x Historia 
650 |a Relaciones Interculturales -  |z México-España -  |x Historia 
650 |a Diversidad Cultural -  |z México -  |x Historia 
650 |a Cultura -  |z México -  |x Historia 
650 |a México -  |x Historia -  |y Epoca Prehispánica 
650 |a México -  |x Historia -  |y Epoca Colonial, 1517-1821 
910 |a Fondo General 
920 |a Impresos - Libros 
930 |a Colección General 
905 |a 101 
901 |a 0500234366  |b IT1  |c ACC  |d DT  |i D55510  |u 20250624 
902 |a https://opac.biblio.iteso.mx/vufind/Record/000344001